000
00295nam a22001337a 4500
008
170711b xxu||||| |||| 00| 0 eng d
020
_a
0671070444
041
_a
eng
080
_a
030
100
_a
26
101
_a
ENC
245
_a
ENCYCLOPEDIA OF PHOTOGRAPHY
_c
LAUGHLIN, S
942
_2
udc
_c
BK
999
_c
20203
_d
20203